[Event "PRO League Group Stage"]
[Site "chess.com INT"]
[Date "2019.03.14"]
[Round "10"]
[White "Manu, David Suthandram R"]
[Black "Raja, Harshit"]
[Result "0-1"]
[BlackTitle "IM"]
[WhiteElo "2252"]
[BlackElo "2432"]
[WhiteTeam "Delhi Dynamite"]
[BlackTeam "Mumbai Movers"]
[WhiteFideId "35019562"]
[BlackFideId "5089000"]
[EventDate "2019.01.08"]

1. b3 e5 2. Bb2 Nc6 3. e3 Nf6 4. Bb5 Bd6 5. Na3 Be7 6. c3 O-O 7. Ne2 d5 8. Ng3
e4 9. d4 exd3 10. Bxd3 Ne5 11. Be2 Be6 12. O-O c5 13. Nc2 Qc7 14. f4 Nc6 15. Bf3
Rad8 16. Qe2 Rfe8 17. Rad1 Qa5 18. a3 Qb6 19. b4 a5 20. b5 Na7 21. a4 Nc8 22. f5
Bd7 23. Bxd5 Nxd5 24. Rxd5 Bf6 25. Rfd1 Qc7 26. Qg4 Nb6 27. R5d2 Be5 28. Na3 c4
29. Rd4 Bc8 30. Rxd8 Rxd8 31. Rxd8+ Qxd8 32. Nxc4 Nxc4 33. Qxc4 h5 34. Qe2 h4
35. Nf1 Bxf5 36. c4 Bd3 37. Qd2 Bxb2 38. Qxb2 Bxc4 39. Nd2 Bd5 40. Qd4 Qg5 41.
e4 h3 42. g3 Be6 43. Kf2 Qe7 44. Ke3 Qa3+ 45. Ke2 Kh7 46. e5 Qa2 47. Qh4+ Kg8
48. Qd8+ Kh7 49. Qh4+ Kg6 50. Qe4+ Bf5 51. Qxb7 Bg4+ 52. Ke3 Qa3+ 53. Kf4 Bf5
54. Qf3 Qxa4+ 55. Ne4 Qxb5 56. Nd6 Qb4+ 57. Ke3 Qc3+ 58. Kf2 Qd4+ 59. Qe3 Qxe3+
60. Kxe3 Be6 61. Kd4 a4 62. Nb5 Kf5 63. Nd6+ Kg4 64. Ke3 a3 65. Ne4 a2 66. Nf2+
Kf5 0-1

[Event "PRO League Group Stage"]
[Site "chess.com INT"]
[Date "2019.03.14"]
[Round "10"]
[White "Sjugirov, Sanan"]
[Black "Pantsulaia, Levan"]
[Result "1-0"]
[WhiteTitle "GM"]
[BlackTitle "GM"]
[WhiteElo "2663"]
[BlackElo "2597"]
[WhiteTeam "Moscow Wizards"]
[BlackTeam "Tbilisi Gentlemen"]
[WhiteFideId "4189302"]
[BlackFideId "13602071"]
[EventDate "2019.01.08"]

1. d4 Nf6 2. c4 g6 3. Nc3 c5 4. d5 Bg7 5. e4 O-O 6. Bd3 e6 7. h3 exd5 8. exd5
Re8+ 9. Nge2 d6 10. O-O Nh5 11. Nf4 Nf6 12. Bc2 a6 13. Re1 b5 14. cxb5 axb5 15.
Nxb5 Ba6 16. Nc3 Rxe1+ 17. Qxe1 Nbd7 18. Bd3 Ne5 19. Bxa6 Rxa6 20. Qe2 Qa8 21.
Nd3 Nxd3 22. Qxd3 Rb6 23. Rb1 Nd7 24. Bf4 Ne5 25. Qe2 Rb4 26. Be3 Qb7 27. b3 c4
28. Qc2 h5 29. Bd2 Rb6 30. Be3 Rb4 31. Bd2 Rb6 32. Kh2 Qc8 33. Na4 Rb5 34. Nc3
cxb3 35. Rxb3 Rxd5 36. Qb1 Qc4 37. Nxd5 Qxd5 38. Bf4 Nc6 39. Rb5 Qe6 40. Rb6 Qc4
41. Qc1 Qxa2 42. Rxc6 Qxf2 43. Qe3 Qa2 44. Rxd6 Qc4 45. Be5 1-0

[Event "PRO League Group Stage"]
[Site "chess.com INT"]
[Date "2019.03.14"]
[Round "10"]
[White "Paichadze, Luka"]
[Black "Tsydypov, Zhamsaran"]
[Result "1-0"]
[WhiteTitle "GM"]
[BlackTitle "IM"]
[WhiteElo "2583"]
[BlackElo "2545"]
[WhiteTeam "Tbilisi Gentlemen"]
[BlackTeam "Moscow Wizards"]
[WhiteFideId "13602934"]
[BlackFideId "4108566"]
[EventDate "2019.01.08"]

1. e4 c5 2. Nf3 d6 3. d4 cxd4 4. Qxd4 Nc6 5. Bb5 Bd7 6. Bxc6 Bxc6 7. Nc3 Nf6 8.
Bg5 e6 9. O-O-O h6 10. Bxf6 Qxf6 11. Qe3 Be7 12. h4 Qg6 13. h5 Qg4 14. Rh3 O-O
15. Rdh1 f5 16. Rg3 f4 17. Rxg4 fxe3 18. fxe3 Bf6 19. Ne2 Bd7 20. Rd1 Be7 21. e5
d5 22. Nf4 Bc5 23. Nd4 Rae8 24. g3 Rf7 25. c3 b5 26. Rg6 Rfe7 27. Nd3 Bb6 28.
Rf1 a5 29. a3 Rf8 30. Rf4 Rc8 31. Kd2 Bxd4 32. exd4 Be8 33. Rgg4 Bxh5 34. Rh4 g5
35. Rxh5 gxf4 36. Nxf4 Kh7 37. Rh3 Rg8 38. Nh5 Rb8 39. g4 b4 40. axb4 axb4 41.
Rf3 Kg6 42. Rf6+ Kg5 43. Nf4 bxc3+ 44. bxc3 Kxg4 45. Nxe6 h5 46. Rg6+ Kf5 47.
Rf6+ Kg4 48. Rg6+ Kh4 49. c4 dxc4 50. Kc3 Rb6 51. d5 Rd7 52. Kxc4 Ra6 53. Nc5
Rxg6 54. Nxd7 Kg5 55. e6 h4 56. e7 Rg8 57. Nf8 1-0

[Event "PRO League Group Stage"]
[Site "chess.com INT"]
[Date "2019.03.14"]
[Round "10"]
[White "Anisimov, Pavel2"]
[Black "Quparadze, Giga"]
[Result "0-1"]
[WhiteTitle "IM"]
[BlackTitle "GM"]
[WhiteElo "2527"]
[BlackElo "2493"]
[WhiteTeam "Moscow Wizards"]
[BlackTeam "Tbilisi Gentlemen"]
[WhiteFideId "4135229"]
[BlackFideId "13602250"]
[EventDate "2019.01.08"]

1. e4 c5 2. Ne2 e6 3. d4 cxd4 4. Nxd4 a6 5. Nc3 Qc7 6. Be2 Nf6 7. f4 Bb4 8. O-O
Bxc3 9. bxc3 Nxe4 10. Bf3 Nxc3 11. Qd3 O-O 12. Bb2 Na4 13. Ba3 d6 14. f5 exf5
15. Nxf5 Bxf5 16. Qxf5 Nd7 17. Rad1 Nac5 18. Bb2 Ne5 19. Bd5 Ncd7 20. Kh1 Nf6
21. Bb3 a5 22. Qg5 a4 23. Rxd6 Qxd6 24. Bxe5 Ra5 25. Bxd6 Rxg5 26. Bxa4 Rd8 27.
Be7 Rd2 28. Rg1 Ne4 29. h3 Re5 30. Bh4 g5 31. Be1 Rd1 32. Kh2 Nc5 33. Bc3 Rxg1
34. Kxg1 Re2 35. Bb5 Rxc2 36. Bf6 Ne4 37. Bd4 Rxa2 38. h4 gxh4 39. Kh2 Ng5 40.
Kg1 h3 41. Bf1 h2+ 0-1

[Event "PRO League Group Stage"]
[Site "chess.com INT"]
[Date "2019.03.14"]
[Round "10"]
[White "Volkov, Nika"]
[Black "Skvortsov, Andrei"]
[Result "1-0"]
[WhiteElo "2153"]
[BlackElo "2128"]
[WhiteTeam "Tbilisi Gentlemen"]
[BlackTeam "Moscow Wizards"]
[WhiteFideId "13604376"]
[BlackFideId "24108600"]
[EventDate "2019.01.08"]

1. d4 Nf6 2. c4 c5 3. d5 e6 4. Nc3 exd5 5. cxd5 Bd6 6. Nf3 O-O 7. e4 Bc7 8. e5
Bxe5 9. Nxe5 Re8 10. f4 d6 11. Be2 dxe5 12. fxe5 Rxe5 13. O-O Rf5 14. Bf3 Nbd7
15. g4 Re5 16. Bf4 Re7 17. d6 Re6 18. g5 Ne8 19. Nb5 Rg6 20. Nc7 Rb8 21. Re1
Nxd6 22. Bxd6 Qxg5+ 23. Bg3 Nf8 24. Re8 Bg4 25. Rxb8 Qe3+ 26. Kg2 1-0

[Event "PRO League Group Stage"]
[Site "chess.com INT"]
[Date "2019.03.14"]
[Round "10"]
[White "Oparin, Grigoriy"]
[Black "Meshkovs, Nikita"]
[Result "1-0"]
[WhiteTitle "GM"]
[BlackTitle "GM"]
[WhiteElo "2613"]
[BlackElo "2557"]
[WhiteTeam "Volga Stormbringers"]
[BlackTeam "Estonia Horses"]
[WhiteFideId "24125890"]
[BlackFideId "11602740"]
[EventDate "2019.01.08"]

1. d4 Nf6 2. Nf3 e6 3. c4 b6 4. g3 Bb7 5. Bg2 Bb4+ 6. Nbd2 O-O 7. O-O d5 8. b3
Be7 9. Bb2 Nbd7 10. Rc1 c5 11. e3 Rc8 12. Qe2 dxc4 13. Nxc4 b5 14. Nce5 a6 15.
dxc5 Nxc5 16. Rfd1 Qa5 17. Bd4 Nce4 18. Ng5 Rxc1 19. Rxc1 Ba3 20. Rc2 Qd8 21.
Ng4 Bd5 22. Nxe4 Nxe4 23. h4 f6 24. Qd3 Qa8 25. Rc7 Bd6 26. Rd7 Rf7 27. Rxf7
Kxf7 28. f3 Nxg3 29. Qxh7 Ne2+ 30. Kf2 Nxd4 31. Nh6+ Ke8 32. Qg6+ Kd7 33. Qxg7+
Kc6 34. exd4 Bf8 35. Qxf6 Bxh6 36. Qxh6 Qa7 37. Qc1+ Kd7 38. Qc5 Qa8 39. h5 Bc6
40. Qg5 1-0

[Event "PRO League Group Stage"]
[Site "chess.com INT"]
[Date "2019.03.14"]
[Round "10"]
[White "Ehlvest, Jaan"]
[Black "Frolyanov, Dmitry"]
[Result "1/2-1/2"]
[WhiteTitle "GM"]
[BlackTitle "GM"]
[WhiteElo "2521"]
[BlackElo "2517"]
[WhiteTeam "Estonia Horses"]
[BlackTeam "Volga Stormbringers"]
[WhiteFideId "4500016"]
[BlackFideId "4151976"]
[EventDate "2019.01.08"]

1. e4 e5 2. Nf3 Nf6 3. Nxe5 d6 4. Nf3 Nxe4 5. d3 Nf6 6. d4 Be7 7. Bd3 O-O 8. h3
b6 9. O-O Bb7 10. c4 d5 11. Nc3 Nbd7 12. Re1 c5 13. Bg5 h6 14. Bf4 Rc8 15. cxd5
Nxd5 16. Nxd5 Bxd5 17. Bf5 cxd4 18. Nxd4 Rc5 19. Qe2 Bf6 20. Rad1 Bxg2 21. Qg4
Bxd4 22. Rxd4 Qf6 23. Rxd7 Rxf5 24. Rd6 Rxf4 25. Rxf6 Rxg4 26. hxg4 gxf6 27.
Kxg2 Rc8 28. Re7 Rc2 29. Rxa7 Rxb2 30. a4 Kg7 31. Kg3 Ra2 32. Rb7 Rxa4 33. Rxb6 1/2-1/2

[Event "PRO League Group Stage"]
[Site "chess.com INT"]
[Date "2019.03.14"]
[Round "10"]
[White "Bazeev, German"]
[Black "Yakubboev, Nodirbek"]
[Result "0-1"]
[BlackTitle "IM"]
[WhiteElo "2423"]
[BlackElo "2569"]
[WhiteTeam "Volga Stormbringers"]
[BlackTeam "Estonia Horses"]
[WhiteFideId "24119350"]
[BlackFideId "14203987"]
[EventDate "2019.01.08"]

1. d4 d6 2. e4 g6 3. Nc3 Bg7 4. f4 a6 5. Be2 e6 6. e5 Nc6 7. Bf3 Nge7 8. Be3 O-O
9. Nge2 f6 10. exf6 Bxf6 11. Qd2 Nf5 12. Bf2 d5 13. Nd1 a5 14. c3 b6 15. Ne3 Bb7
16. Ng4 Bg7 17. O-O h5 18. Ne3 Nd6 19. g3 Ne7 20. Nc1 Ba6 21. Re1 g5 22. Ng2 g4
23. Be2 Ne4 24. Qd1 Bxe2 25. Rxe2 a4 26. a3 Nf5 27. Nd3 Qe8 28. Qe1 Nfd6 29. Be3
Bf6 30. Nf2 Qg6 31. Nxe4 Nxe4 32. Bf2 c5 33. Rd1 Qh7 34. dxc5 bxc5 35. Ne3 Rab8
36. f5 Ng5 37. Qf1 d4 38. Ng2 Qxf5 39. Nh4 Qd5 40. Qg2 Nh3+ 41. Kh1 Bxh4 0-1

[Event "PRO League Group Stage"]
[Site "chess.com INT"]
[Date "2019.03.14"]
[Round "10"]
[White "Chukavin, Kirill"]
[Black "Skatchkov, Valery"]
[Result "1-0"]
[WhiteTitle "FM"]
[BlackTitle "FM"]
[WhiteElo "2307"]
[BlackElo "2279"]
[WhiteTeam "Estonia Horses"]
[BlackTeam "Volga Stormbringers"]
[WhiteFideId "4503023"]
[BlackFideId "24195812"]
[EventDate "2019.01.08"]

1. e4 e5 2. Nf3 Nf6 3. Nc3 Nc6 4. Be2 d5 5. exd5 Nxd5 6. O-O Nxc3 7. bxc3 e4 8.
Ne1 Bc5 9. d4 exd3 10. cxd3 O-O 11. d4 Bd6 12. Bd3 Qh4 13. g3 Qf6 14. Qc2 g6 15.
Ng2 Bh3 16. Re1 Rfe8 17. Bd2 Rad8 18. Nf4 Bg4 19. Be4 Bc8 20. Nd5 Qe6 21. Bg2
Qf5 22. Rxe8+ Rxe8 23. Qxf5 Bxf5 24. Nf6+ Kf8 25. Nxe8 Kxe8 26. Re1+ Kd7 27. h3
Na5 28. g4 Bd3 29. Bd5 Bc4 30. Bxc4 Nxc4 31. Bc1 a5 32. Kg2 a4 33. f4 b5 34. Kf3
Nb6 35. Ke4 c6 36. f5 Nd5 37. Bd2 Ba3 38. fxg6 fxg6 39. Rf1 Ke7 40. Kd3 Nb6 41.
Bg5+ Ke6 42. Rf6+ Kd5 43. Rf7 Nc4 44. Rxh7 Nb2+ 45. Kc2 Nc4 46. Be7 Ne3+ 47. Kd3
Bc1 48. Bg5 1-0

[Event "PRO League Group Stage"]
[Site "chess.com INT"]
[Date "2019.03.14"]
[Round "10"]
[White "Vaibhav, Suri"]
[Black "Andriasian, Zaven"]
[Result "0-1"]
[WhiteTitle "GM"]
[BlackTitle "GM"]
[WhiteElo "2590"]
[BlackElo "2604"]
[WhiteTeam "Delhi Dynamite"]
[BlackTeam "Armenia Eagles"]
[WhiteFideId "5045185"]
[BlackFideId "13302000"]
[EventDate "2019.01.08"]

1. e4 c5 2. Nf3 d6 3. d4 cxd4 4. Nxd4 Nf6 5. Nc3 a6 6. Be2 e5 7. Nf3 Be7 8. Bg5
O-O 9. Bxf6 Bxf6 10. Nd5 Nd7 11. Nd2 Bg5 12. Nc4 b5 13. Nxd6 Nc5 14. Nxc8 Rxc8
15. Bf3 f5 16. exf5 e4 17. Bg4 Rc6 18. Qd4 Rd6 19. Qxc5 Rxd5 20. Qa3 h5 21. Bh3
Bd2+ 22. Ke2 e3 23. f3 Qh4 0-1

[Event "PRO League Group Stage"]
[Site "chess.com INT"]
[Date "2019.03.14"]
[Round "10"]
[White "Martirosyan, Haik M."]
[Black "Nihal, Sarin"]
[Result "1-0"]
[WhiteTitle "GM"]
[BlackTitle "GM"]
[WhiteElo "2607"]
[BlackElo "2578"]
[WhiteTeam "Armenia Eagles"]
[BlackTeam "Delhi Dynamite"]
[WhiteFideId "13306553"]
[BlackFideId "25092340"]
[EventDate "2019.01.08"]

1. d4 Nf6 2. Bg5 d5 3. Nd2 Nbd7 4. e3 e6 5. Bd3 Be7 6. c3 e5 7. Ne2 O-O 8. O-O
c6 9. Bf5 Re8 10. Rc1 h6 11. Bh4 e4 12. c4 Nb6 13. Bxc8 Rxc8 14. Qb3 dxc4 15.
Nxc4 Nxc4 16. Rxc4 Nd5 17. Bg3 Qd7 18. Rfc1 b5 19. R4c2 Nb4 20. Rd2 c5 21. Qd1
c4 22. Ra1 Nd3 23. Rc2 Nb4 24. Rd2 Nd3 25. Rc2 Nb4 26. Rd2 Nd5 27. Rc2 a6 28. a3
h5 29. h3 h4 30. Bh2 Rc6 31. Nc3 Rg6 32. Kh1 Bf8 33. Qe2 Nxc3 34. bxc3 Qd5 35.
a4 Rc8 36. Rb2 Rgc6 37. axb5 axb5 38. Ra5 Rb6 39. Qg4 Ra8 40. Rba2 Rxa5 41. Rxa5
Qc6 42. Qxh4 f6 43. Ra7 b4 44. Rc7 Qd5 45. cxb4 Rc6 46. Rxc6 Qxc6 47. b5 Qxb5
48. Qxe4 c3 49. Bf4 Qb3 50. d5 c2 51. Qe6+ Kh8 52. e4 Qb1+ 53. Kh2 c1=Q 54. Bxc1
Qxc1 55. Qf5 Qc7+ 56. g3 Qc2 57. Kg2 Qc7 58. h4 Bc5 59. h5 Bd4 60. f4 Qc2+ 61.
Kh3 Qd1 62. Qg6 f5 63. Qxf5 Qh1+ 64. Kg4 Qd1+ 65. Kg5 Qb3 66. Kg6 Qxg3+ 67. Kf7
Qc3 68. Qd7 Kh7 69. d6 Qc4+ 70. Qe6 Qb5 71. e5 Qb7+ 72. d7 Qe4 73. Qg6+ Qxg6+
74. hxg6+ Kh6 75. d8=Q 1-0

[Event "PRO League Group Stage"]
[Site "chess.com INT"]
[Date "2019.03.14"]
[Round "10"]
[White "Hemant, Sharma2"]
[Black "Sargsyan, Shant"]
[Result "0-1"]
[WhiteTitle "IM"]
[BlackTitle "IM"]
[WhiteElo "2377"]
[BlackElo "2486"]
[WhiteTeam "Delhi Dynamite"]
[BlackTeam "Armenia Eagles"]
[WhiteFideId "5025842"]
[BlackFideId "13306766"]
[EventDate "2019.01.08"]

1. c4 e6 2. g3 d5 3. Bg2 dxc4 4. Qc2 c6 5. Qxc4 b5 6. Qc2 Bb7 7. Nf3 Nf6 8. O-O
Be7 9. b3 O-O 10. Bb2 c5 11. d4 Na6 12. dxc5 Nxc5 13. Nbd2 Rc8 14. Rac1 Na4 15.
Qb1 Nxb2 16. Qxb2 Qb6 17. e3 a6 18. Rxc8 Rxc8 19. Rc1 Rxc1+ 20. Qxc1 Nd5 21. Nd4
h6 22. Ne4 e5 23. Nf5 Bf8 24. Nc3 Qc7 25. Bxd5 Bxd5 26. Qd2 Bf3 27. Nh4 Bb7 28.
Nd5 Qd6 29. e4 g6 30. Ng2 f5 31. Nge3 fxe4 32. a4 Kf7 33. axb5 axb5 34. Qd1 h5
35. Kf1 Ke6 36. Nc3 Qd3+ 37. Qxd3 exd3 38. Nxb5 d2 39. Nc3 Bf3 40. h3 Bc5 41.
Ned1 Bd4 42. b4 Bxc3 43. Nxc3 d1=Q+ 44. Nxd1 Bxd1 45. Ke1 Bf3 46. Kd2 g5 47. Ke3
g4 0-1

[Event "PRO League Group Stage"]
[Site "chess.com INT"]
[Date "2019.03.14"]
[Round "10"]
[White "Manukian, Artak"]
[Black "Manu, David Suthandram R"]
[Result "1/2-1/2"]
[WhiteElo "2196"]
[BlackElo "2252"]
[WhiteTeam "Armenia Eagles"]
[BlackTeam "Delhi Dynamite"]
[WhiteFideId "13301373"]
[BlackFideId "35019562"]
[EventDate "2019.01.08"]

1. e4 c5 2. Nf3 Nc6 3. c3 d5 4. exd5 Qxd5 5. d4 Nf6 6. dxc5 Qxd1+ 7. Kxd1 e5 8.
b4 Bg4 9. h3 Bf5 10. Be3 Nd5 11. Bc4 O-O-O 12. Kc1 f6 13. Rd1 1/2-1/2

[Event "PRO League Group Stage"]
[Site "chess.com INT"]
[Date "2019.03.14"]
[Round "10"]
[White "Meshkovs, Nikita"]
[Black "Ponkratov, Pavel"]
[Result "1-0"]
[WhiteTitle "GM"]
[BlackTitle "GM"]
[WhiteElo "2557"]
[BlackElo "2630"]
[WhiteTeam "Estonia Horses"]
[BlackTeam "Moscow Phoenix"]
[WhiteFideId "11602740"]
[BlackFideId "4157800"]
[EventDate "2019.01.08"]

1. g3 e5 2. c4 h5 3. h4 Nf6 4. Bg2 c6 5. Nf3 d6 6. d4 e4 7. Ng5 d5 8. Nc3 Bb4 9.
Qb3 a5 10. O-O O-O 11. Bf4 Bg4 12. f3 exf3 13. exf3 Bf5 14. c5 b6 15. a3 Bxc3
16. Qxc3 bxc5 17. Qxc5 a4 18. Rfe1 Ra5 19. Qe7 Rb5 20. Bd6 Qxe7 21. Bxe7 Rc8 22.
Bb4 Rb7 23. Bf1 Ne8 24. Re5 g6 25. Rae1 Ng7 26. Re7 Rcc7 27. Re8+ Nxe8 28. Rxe8+
Kg7 29. Bf8+ Kf6 30. Nh7# 1-0

[Event "PRO League Group Stage"]
[Site "chess.com INT"]
[Date "2019.03.14"]
[Round "10"]
[White "Kryakvin, Dmitry"]
[Black "Ehlvest, Jaan"]
[Result "1-0"]
[WhiteTitle "GM"]
[BlackTitle "GM"]
[WhiteElo "2588"]
[BlackElo "2521"]
[WhiteTeam "Moscow Phoenix"]
[BlackTeam "Estonia Horses"]
[WhiteFideId "4153278"]
[BlackFideId "4500016"]
[EventDate "2019.01.08"]

1. d4 e6 2. c4 Bb4+ 3. Bd2 Qe7 4. Nf3 Nf6 5. g3 Bxd2+ 6. Qxd2 Nc6 7. e3 d5 8.
Qc3 Ne4 9. Qc1 dxc4 10. Bxc4 O-O 11. Nc3 Nd6 12. Be2 b6 13. O-O Bb7 14. Rd1 Rac8
15. e4 f5 16. d5 fxe4 17. dxc6 exf3 18. cxb7 fxe2 19. Rxd6 1-0

[Event "PRO League Group Stage"]
[Site "chess.com INT"]
[Date "2019.03.14"]
[Round "10"]
[White "Yakubboev, Nodirbek"]
[Black "Demidov, Mikhail"]
[Result "1-0"]
[WhiteTitle "IM"]
[BlackTitle "IM"]
[WhiteElo "2569"]
[BlackElo "2520"]
[WhiteTeam "Estonia Horses"]
[BlackTeam "Moscow Phoenix"]
[WhiteFideId "14203987"]
[BlackFideId "4197143"]
[EventDate "2019.01.08"]

1. Nf3 g6 2. e4 Bg7 3. d4 a6 4. Nc3 b5 5. Bd3 Bb7 6. O-O d6 7. a4 b4 8. Nd5 a5
9. c3 c6 10. Nf4 e5 11. Ne2 Ne7 12. dxe5 dxe5 13. Be3 O-O 14. Bc4 Qc7 15. cxb4
axb4 16. Bc5 Na6 17. Bd6 Qd8 18. Nxe5 c5 19. f4 Bxe4 20. Ng3 Bb7 21. Re1 Bf6 22.
Ne4 Bxe4 23. Rxe4 Ra7 24. g4 Bxe5 25. fxe5 Re8 26. Qd3 Nc8 27. Rf4 Nxd6 28. exd6
Nb8 29. Qd5 Re6 30. Rxf7 Kxf7 31. Qe5 Nc6 32. Bxe6+ Ke8 33. Qh8# 1-0

[Event "PRO League Group Stage"]
[Site "chess.com INT"]
[Date "2019.03.14"]
[Round "10"]
[White "Kuznetsov, Mikhail V."]
[Black "Chukavin, Kirill"]
[Result "1-0"]
[WhiteTitle "FM"]
[BlackTitle "FM"]
[WhiteElo "2292"]
[BlackElo "2307"]
[WhiteTeam "Moscow Phoenix"]
[BlackTeam "Estonia Horses"]
[WhiteFideId "4194900"]
[BlackFideId "4503023"]
[EventDate "2019.01.08"]

1. d4 Nf6 2. Nf3 d5 3. c4 e6 4. g3 Bb4+ 5. Bd2 Bd6 6. Qc2 c6 7. Bg2 Nbd7 8. O-O
Ne4 9. Bf4 f5 10. Nbd2 Qc7 11. Nxe4 fxe4 12. Ng5 Nf6 13. Bxd6 Qxd6 14. f3 exf3
15. Rxf3 e5 16. cxd5 cxd5 17. Raf1 e4 18. Rc3 O-O 19. Rc7 Bd7 20. Qc5 Qxc5 21.
dxc5 h6 22. Nh3 Bc6 23. Nf4 Rac8 24. Rxc8 Rxc8 25. Bh3 Rd8 26. Rd1 Kf7 27. Ne6
Re8 28. Nd4 Re7 29. e3 g6 30. b4 a6 31. Rf1 Re5 32. Bc8 Ke7 33. Nxc6+ bxc6 34.
Bxa6 Ne8 35. Bb7 Re6 36. a4 Nf6 37. a5 Kd8 38. a6 Kc7 39. Ra1 Re8 40. b5 cxb5
41. c6 b4 42. a7 b3 43. a8=Q Rxa8 44. Bxa8 Ng4 45. Ra7+ Kb6 46. c7 b2 47. Rb7+ 1-0

[Event "PRO League Group Stage"]
[Site "chess.com INT"]
[Date "2019.03.14"]
[Round "10"]
[White "Pantsulaia, Levan"]
[Black "Ghosh, Diptayan"]
[Result "1-0"]
[WhiteTitle "GM"]
[BlackTitle "GM"]
[WhiteElo "2597"]
[BlackElo "2544"]
[WhiteTeam "Tbilisi Gentlemen"]
[BlackTeam "Mumbai Movers"]
[WhiteFideId "13602071"]
[BlackFideId "5045207"]
[EventDate "2019.01.08"]

1. Nf3 Nf6 2. g3 g6 3. b3 Bg7 4. Bb2 O-O 5. Bg2 d5 6. c4 c6 7. d3 Nbd7 8. Nbd2
Re8 9. d4 b6 10. O-O Bb7 11. Qc2 Rc8 12. e4 dxe4 13. Nxe4 c5 14. Nxf6+ Bxf6 15.
Rad1 cxd4 16. Bxd4 Qc7 17. Qb2 Bxd4 18. Rxd4 Red8 19. Rfd1 Nf6 20. Ne5 Bxg2 21.
Kxg2 Qb7+ 22. f3 Rxd4 23. Qxd4 h5 24. h3 Qa6 25. Rd2 Qa5 26. g4 hxg4 27. hxg4
Qc5 28. Qxc5 Rxc5 29. f4 Rc7 30. Kf3 Kg7 31. b4 Ne8 32. Rd7 Kf6 33. Rxc7 Nxc7
34. Nc6 a6 35. Ke4 Ke6 36. Nd8+ Kf6 37. g5+ Kg7 38. a4 Kf8 39. Nc6 Ke8 40. Ne5
Ne6 41. Nd3 f6 42. c5 bxc5 43. Nxc5 Nc7 44. Kd4 Kd8 45. Kc4 Ke8 46. b5 axb5+ 47.
axb5 Kd8 48. b6 Ne8 49. Kd5 fxg5 50. fxg5 Nd6 51. Kc6 Nc4 52. b7 Na5+ 53. Kb6
Nxb7 54. Kxb7 e6 55. Kc6 Ke7 56. Ne4 1-0

[Event "PRO League Group Stage"]
[Site "chess.com INT"]
[Date "2019.03.14"]
[Round "10"]
[White "Puranik, Abhimanyu"]
[Black "Paichadze, Luka"]
[Result "1-0"]
[WhiteTitle "GM"]
[BlackTitle "GM"]
[WhiteElo "2536"]
[BlackElo "2583"]
[WhiteTeam "Mumbai Movers"]
[BlackTeam "Tbilisi Gentlemen"]
[WhiteFideId "5061245"]
[BlackFideId "13602934"]
[EventDate "2019.01.08"]

1. e4 c6 2. d4 d5 3. Nd2 g6 4. Ngf3 Bg7 5. c3 Nh6 6. Bd3 O-O 7. O-O f6 8. h4 e5
9. Qb3 Nf7 10. Re1 Qb6 11. Qc2 Bg4 12. Nh2 Be6 13. h5 dxe4 14. Nxe4 Nd7 15. hxg6
hxg6 16. Nc5 Nxc5 17. dxc5 Qxc5 18. Bxg6 Nd6 19. Be3 Qa5 20. Qd1 Bf7 21. Bxf7+
Nxf7 22. Qg4 Nh8 23. Qe6+ Rf7 24. Rad1 Qc7 25. Nf3 Qc8 26. Qc4 b5 27. Qb3 Ng6
28. Rd6 Bf8 29. Rxf6 Nh8 30. Nxe5 c5 31. Nxf7 c4 32. Qc2 Nxf7 33. Qg6+ 1-0

[Event "PRO League Group Stage"]
[Site "chess.com INT"]
[Date "2019.03.14"]
[Round "10"]
[White "Quparadze, Giga"]
[Black "Sadhwani, Raunak"]
[Result "1/2-1/2"]
[WhiteTitle "GM"]
[BlackTitle "IM"]
[WhiteElo "2493"]
[BlackElo "2451"]
[WhiteTeam "Tbilisi Gentlemen"]
[BlackTeam "Mumbai Movers"]
[WhiteFideId "13602250"]
[BlackFideId "35093487"]
[EventDate "2019.01.08"]

1. e4 e5 2. Bc4 Nf6 3. d3 c6 4. Nf3 d5 5. Bb3 Bb4+ 6. Bd2 Bxd2+ 7. Qxd2 O-O 8.
Nc3 dxe4 9. Nxe4 Nxe4 10. dxe4 Qxd2+ 11. Kxd2 Re8 12. Ke3 Nd7 13. Rhd1 h6 14.
Rd6 Nc5 15. Bc4 a5 16. Ne1 Kf8 17. Rad1 Be6 18. Bxe6 Nxe6 19. Nd3 f6 20. f4
exf4+ 21. Nxf4 Nxf4 22. Kxf4 Re7 23. Rd8+ Rxd8 24. Rxd8+ Kf7 25. Ra8 b6 26. Rc8
Re6 27. Rc7+ Kg6 28. a4 Rd6 29. Ke3 Re6 30. g4 h5 31. gxh5+ Kxh5 32. Kf4 Kg6 33.
Rb7 c5 34. Rd7 Re5 35. Rd6 Rh5 36. Rxb6 Rxh2 37. c4 Rc2 38. b3 Kh5 39. Rb5 g5+
40. Ke3 Rc3+ 41. Kd2 Rf3 42. Rxa5 Rxb3 43. Rxc5 Kh4 44. Rf5 Rb4 45. Kc3 Rxa4 46.
Rxf6 g4 47. Rg6 g3 48. Kd4 Kh3 49. e5 g2 50. e6 Ra1 51. c5 Rd1+ 52. Ke5 Re1+ 53.
Kd6 Rd1+ 54. Kc7 g1=Q 55. Rxg1 Rxg1 56. c6 Re1 57. Kd6 Rd1+ 58. Ke5 Re1+ 59. Kf6
Rc1 60. e7 Rxc6+ 61. Kf7 Rc7 62. Kf8 Rxe7 63. Kxe7 1/2-1/2

[Event "PRO League Group Stage"]
[Site "chess.com INT"]
[Date "2019.03.14"]
[Round "10"]
[White "Raja, Harshit"]
[Black "Volkov, Nika"]
[Result "1-0"]
[WhiteTitle "IM"]
[WhiteElo "2432"]
[BlackElo "2153"]
[WhiteTeam "Mumbai Movers"]
[BlackTeam "Tbilisi Gentlemen"]
[WhiteFideId "5089000"]
[BlackFideId "13604376"]
[EventDate "2019.01.08"]

1. e4 e6 2. d4 d5 3. Nd2 c5 4. exd5 exd5 5. Ngf3 Nc6 6. Bb5 Nf6 7. O-O Be7 8.
dxc5 Bxc5 9. Qe2+ Be6 10. Nb3 Bb6 11. Nbd4 Qc8 12. Be3 O-O 13. Nxe6 fxe6 14.
Bxb6 axb6 15. Rfe1 Ne4 16. Bd3 Rf4 17. g3 Rf6 18. Bxe4 dxe4 19. Qxe4 Ra5 20.
Rad1 Raf5 21. Re3 Qf8 22. Rdd3 g5 23. Rd7 Ne7 24. Red3 Rxf3 25. Rd8 Qxd8 26.
Rxd8+ Kg7 27. Rd7 Kf8 28. Qxh7 Rf7 29. Rd8# 1-0